Original authors of Disney cartoons - Statistics

General Stats
  • This quiz has been taken 42 times
  • The average score is 13 of 20
Answer Stats
Author Year(s) of Release Answer % Correct
Brothers Grimm 1937, 2009, 2010 Snow White, Princess and the Frog, Tangled
100%
Lewis Carroll 1951 Alice in Wonderland
91%
Charles Perrault 1950, 1959 Cinderella, Sleeping Beauty
91%
Hans Christian Andersen 1989, 2013 The Little Mermaid, Frozen
91%
Rudyard Kipling 1967 Jungle Book
89%
J.M. Barrie 1953 Peter Pan
80%
A.A. Milne 1977 The Many Adventures of Winnie the Pooh
80%
Carlo Collodi 1940 Pinocchio
74%
Victor Hugo 1996 The Hunchback of Notre Dame
74%
Felix Salten 1942 Bambi
66%
Gabrielle-Suzanne Barbot de Villeneuve 1991 Beauty and the Beast
66%
Charles Dickens 1988, 2009 Oliver and Company, A Christmas Carol
63%
Edgar Rice Burrows 1999 Tarzan
60%
Goethe 1940 + 1999 Remake The Sorcerer's Apprentice
60%
Dodie Smith 1961 101 Dalmatians
43%
T.H. White 1963 The Sword in the Stone
43%
Roald Dahl 1996 James and the Giant Peach
37%
Howard Pyle 1973 Robin Hood
37%
Margery Sharp 1977 The Rescuers
34%
Shakespeare 2011 Gnomeo and Juliet
14%
No matching quizzes found
Score Distribution
Percent of People with Each Score
Percentile by Number Answered
Your Score History
You have not taken this quiz